| 000 -CABECERA (24) |
| Campo de control interno |
02183nam a22003134a 4500 |
| 003 - IDENTIFICADOR DE CONTROL |
| Campo control |
BOLpUSFA |
| 005 - FECHA Y HORA DE CATALOGACION |
| Campo de control |
20260520181057.0 |
| 008 - ELEMENTOS DE LONGITUD FIJA - INFORMACIÓN GENERAL |
| Campo de control de longitud fija |
t bo gr 001 | spa|| |
| 017 ## - DEPOSITO LEGAL |
| Número de Depósito legal |
4-1-7730-2025 |
| 040 ## - Origen de la Catalogacion |
| Origen de la Catalogacion |
BOLpUSFA |
| 041 ## - Código de idioma (R) |
| Código de lengua del texto/banda sonora o título independiente (R) |
spa |
| 044 ## - Código de país de la publicación |
| Codigo ISO de pais |
BO |
| 082 ## - Número de la Clasificación Decimal Dewey |
| Número de la Clasificación Decimal Dewey |
BO 305.31 |
| Codigo Cutter |
C579e 6to. |
| 110 ## - Autor Corporativo |
| Nombre de entidad corporativa o nombre de jurisdicción como elemento inicial (NR |
Centro de Investigación Social Tecnología Apropiada y Capacitación (CISTAC) |
| 245 ## - Titulo |
| Titulo |
6to. Encuentro de trabajo en masculinidades y cuidados. Bolivia 2025 |
| 260 ## - Editorial |
| Ciudad |
La Paz: |
| Nombre de la Editorial |
CISTAC, |
| Fecha |
2025 |
| 300 ## - Descripcion |
| Extension |
58 p. |
| 520 ## - Resumen |
| Resumen |
SEXTO ENCUENTRO DE TRABAJO EN MASCULINIDADES Y CUIDADOS "POR EL SOSTENIMIENTO DE LA VIDA"<br/><br/>CISTAC-Masculinidades, en coordinación con CIUDADANÍA-Comunidad de Estudio Sociales y Acción Pública y con el apoyo de We Effect y Pan para el Mundo, convocó y realizó el Sexto Encuentro de Trabajo en Masculinidades y Cuidados, titulado "Por el sostenimiento de la vida", llevado a cabo de manera virtual los días 21 y 22 de agosto de 2025.<br/><br/>El encuentro tuvo como propósito general evaluar e identificar los principales desafíos para la inclusión de la agenda de cuidados dentro del Trabajo en masculinidades en el país, considerando los avances y reflexiones acumuladas hasta la fecha. Entre sus objetivos específicos se encontraban evaluar el proceso de incorporación de la agenda de cuidados en el Trabajo en masculinidades, informar y sensibilizar a la Red Boliviana de Trabajo en Masculinidades sobre el enfoque de ecocuidado y analizar la propuesta política que esta agenda representa en el marco de dicho trabajo.<br/><br/>Para ello, el encuentro incluyó un panel dedicado al recorrido de los cinco encuentros anteriores de Masculinidades y Cuidados, un taller sobre ecocuidado desde el Trabajo en masculinidades y una mesa redonda estructurada que abordó los desafíos para avanzar en una agenda de cuidados dentro de este campo de acción. |
| 650 ## - Temas - Descriptores |
| Temas - Descriptores |
Masculinidades |
| 650 ## - Temas - Descriptores |
| Temas - Descriptores |
Seminario |
| 650 ## - Temas - Descriptores |
| Temas - Descriptores |
Memoria |
| 650 ## - Temas - Descriptores |
| Temas - Descriptores |
Hombres |
| 650 ## - Temas - Descriptores |
| Temas - Descriptores |
Derechos humanos |
| 650 ## - Temas - Descriptores |
| Temas - Descriptores |
Machismo |
| 650 ## - Temas - Descriptores |
| Temas - Descriptores |
Medio ambiente |
| 650 ## - Temas - Descriptores |
| Temas - Descriptores |
Economía |
| 651 ## - Punto de acceso adicional de materia - Nombre geográfico (R) |
| Nombre geográfico (NR) |
Latinoamérica |
| 942 ## - ELEMENTOS DE KOHA |
| Esquema de Clasificaci |
|
| Tipo de Documento |
Libros |
| Catalogador |
LLO |